000 01286cam a22003855a 4500
001 16966919
003 OSt
005 20140310181631.0
008 110919s1994 nyu b 000 0 eng d
010 _a 2011488955
020 _a0345373723 (pbk.)
020 _a9780345373724 (pbk.)
035 _a(OCoLC)ocm29830666
040 _aACN
_cACN
_dHQB
_dSPP
_dOCLCQ
_dBAKER
_dDLC
042 _alccopycat
043 _an-us---
050 0 0 _aLB 1050.2
_b.V416 1994
082 _aTR 306.87
_bVe51 1994
100 1 _aVedral, Joyce L.
_9700
245 1 0 _aHow to get your kids to talk :
_bthe question game for young adults /
_cJoyce L. Vedral.
250 _a1st ed.
260 _aNew York :
_bBallantine Books,
_c1994.
300 _a130 p. ;
_c18 cm.
521 _aFaculty
541 _j1
562 _eFor circulation 1 copy in the collection
650 0 _aTeenagers
_zUnited States.
_9701
650 0 _aCommunication in the family
_zUnited States.
_9702
650 0 _aParent and teenager
_zUnited States.
_9703
650 0 _aInterpersonal communication
_zUnited States.
_9704
710 2 _aCopyright Paperback Collection (Library of Congress)
_5DLC
_9705
906 _a0
_bibc
_ccopycat
_d0
_encip
_f20
_gy-genrareb
942 _2lcc
_cBK-TR
_kTR
999 _c514
_d514